Обеспечение стойкости автоматических космических аппаратов к воздействию собственных техногенных факторов: учебное пособие
| Erakunde egilea: | |
|---|---|
| Beste egile batzuk: | , , , |
| Gaia: | Заглавие с титульного экрана Электронная версия печатной публикации В пособии представлена методология обеспечения стойкости автоматических космических аппаратов к воздействию собственных техногенных факторов, к которым относятся собственная внешняя атмосфера космического аппарата, собственная атмосфера негерметичного приборного отсека космического аппарата и плазма электрических ракетных двигателей. Описаны физические процессы образования собственных техногенных факторов и их воздействие на бортовое оборудование автоматических космических аппаратов. Предназначено для студентов и аспирантов, обучающихся по направлениям «Машиностроение», «Материаловедение и технологии материалов» и «Технологии ракетно-космического машиностроения». Режим доступа: из корпоративной сети ТПУ |
| Hizkuntza: | errusiera |
| Argitaratua: |
Томск, Изд-во ТПУ, 2022
|
| Gaiak: | |
| Sarrera elektronikoa: | https://www.lib.tpu.ru/fulltext2/m/2022/m26.pdf |
| Formatua: | Baliabide elektronikoa Liburua |
| KOHA link: | https://koha.lib.tpu.ru/cgi-bin/koha/opac-detail.pl?biblionumber=347991 |
MARC
| LEADER | 00000nlm0a2200000 4500 | ||
|---|---|---|---|
| 001 | 347991 | ||
| 005 | 20240212121456.0 | ||
| 010 | |a 9785438710936 | ||
| 035 | |a (RuTPU)RU\TPU\book\379947 | ||
| 035 | |a RU\TPU\book\374222 | ||
| 090 | |a 347991 | ||
| 100 | |a 20220914d2022 m y0rusy50 ca | ||
| 101 | 0 | |a rus | |
| 102 | |a RU | ||
| 105 | |a a j 001zy | ||
| 135 | |a drcn ---uucaa | ||
| 181 | 0 | |a i | |
| 182 | 0 | |a b | |
| 200 | 1 | |a Обеспечение стойкости автоматических космических аппаратов к воздействию собственных техногенных факторов |e учебное пособие |f В. А. Клименов, С. Г. Кочура, И. А. Максимов, В. А. Смирнов |g Национальный исследовательский Томский политехнический университет, Инженерная школа новых производственных технологий, Отделение материаловедения | |
| 203 | |a Текст |c электронный | ||
| 210 | |a Томск |c Изд-во ТПУ |d 2022 | ||
| 300 | |a Заглавие с титульного экрана | ||
| 300 | |a Электронная версия печатной публикации | ||
| 330 | |a В пособии представлена методология обеспечения стойкости автоматических космических аппаратов к воздействию собственных техногенных факторов, к которым относятся собственная внешняя атмосфера космического аппарата, собственная атмосфера негерметичного приборного отсека космического аппарата и плазма электрических ракетных двигателей. Описаны физические процессы образования собственных техногенных факторов и их воздействие на бортовое оборудование автоматических космических аппаратов. Предназначено для студентов и аспирантов, обучающихся по направлениям «Машиностроение», «Материаловедение и технологии материалов» и «Технологии ракетно-космического машиностроения». | ||
| 333 | |a Режим доступа: из корпоративной сети ТПУ | ||
| 452 | 1 | |0 (RuTPU)RU\TPU\book\380125 |y 978-5-4387-1093-6 |t Обеспечение стойкости автоматических космических аппаратов к воздействию собственных техногенных факторов |o учебное пособие |f В. А. Клименов, С. Г. Кочура, И. А. Максимов, В. А. Смирнов |g Национальный исследовательский Томский политехнический университет |c Томск |n Изд-во ТПУ |d 2022 |p 53 с. | |
| 606 | 1 | |a Космические аппараты автоматические |2 stltpush |3 (RuTPU)RU\TPU\subj\80901 |9 88391 | |
| 610 | 1 | |a электронный ресурс | |
| 610 | 1 | |a учебные пособия | |
| 610 | 1 | |a труды учёных ТПУ | |
| 610 | 1 | |a техногенные факторы | |
| 610 | 1 | |a физические процессы | |
| 610 | 1 | |a образование | |
| 610 | 1 | |a воздействия | |
| 610 | 1 | |a бортовое оборудование | |
| 610 | 1 | |a космические аппараты | |
| 610 | 1 | |a стойкость | |
| 610 | 1 | |a математическое моделирование | |
| 610 | 1 | |a методология | |
| 675 | |a 629.782.01(075.8) |v 4 | ||
| 701 | 1 | |a Клименов |b В. А. |c специалист в области неразрушающего контроля |c профессор Томского политехнического университета, доктор технических наук |c проректор-директор Института неразрушающего контроля Томского политехнического университета |f 1951- |g Василий Александрович |3 (RuTPU)RU\TPU\pers\27985 |9 12975 | |
| 701 | 1 | |a Кочура |b С. Г. |g Сергей Григорьевич | |
| 701 | 1 | |a Максимов |b И. А. | |
| 701 | 1 | |a Смирнов |b В. А. |g Виктор Александрович | |
| 712 | 0 | 2 | |a Национальный исследовательский Томский политехнический университет |b Инженерная школа новых производственных технологий |b Отделение материаловедения |3 (RuTPU)RU\TPU\col\23508 |
| 801 | 2 | |a RU |b 63413507 |c 20230111 |g RCR | |
| 856 | 4 | |u https://www.lib.tpu.ru/fulltext2/m/2022/m26.pdf | |
| 942 | |c CF | ||